000 00700nam a2200277Ia 4500
005 20260324112905.0
008 008 260324s9999 xx 000 0 eng d
020 _a9781003448389
037 _aEBOOK
040 _aCRL
040 _beng
040 _cCRL
041 _2eng
041 _aeng
084 _qCRL
100 _aTia Brown McNair
_9972159
245 0 _aStrengthening Campus Communities Through the Truth, Racial Healing, and Transformation Framework
260 _bTaylor and Francis
260 _c2024
365 _a
365 _b230
856 _uhttp://www.taylorfrancis.com/books/9781003448389
942 _cEBOOK
999 _c1733939
_d1733939